Normal view
MARC view
- Gosálbez Celdrán, Alfredo
Entry Nombre Personal
001 - NUMERO DE CONTROL
- campo de control: 30752
003 - IDENTIFICADOR DE NUMERO DE CONTROL
- campo de control: DLC
005 - FECHA Y HORA DE LA ÜLTIMA TRANSACCIÓN
- campo de control: 20220504090320.0
008 - DATOS DE LONGITUD FIJA
- campo de control de longitud fija: 220405n| acannaabn |b aaa
010 ## - NÚMERO DE CONTROL DE LA BIBLIOTECA DEL CONGRESO
- Número de control LC: n 80159288
035 ## - NUMERO DE CONTROL
- Número de control: (OCoLC)oca00539153
040 ## - FUENTE DE CATALOGACIÓN
- Agencia original de catalogación: DLC
- Lenguaje de catalogación: spa
- Agencia de transcripción: DLC
- Agencia que lo modifica: OCoLC
- Agencia que lo modifica: MX-MxUPN
100 1# - ENCABEZAMIENTO - NOMBRE PERSONAL
- Nombre personal: Gosálbez Celdrán, Alfredo
375 ## - GÉNERO
- Gender: masculino
377 ## - LENGUA ASOCIADA
- Language code: spa
400 1# - VEÁSE - NOMBRE DE PERSONA
- Personal name: Celdrán, Alfredo Gosálbez
400 1# - VEÁSE - NOMBRE DE PERSONA
- Personal name: Gosálbez, Alfredo
670 ## - FUENTE EN LA QUE SE LOCALIZARON DATOS
- Cita de la fuente: En su obra: Tratamiento de dificultades en el aprendizaje, 1976.
670 ## - FUENTE EN LA QUE SE LOCALIZARON DATOS
- Cita de la fuente: En su obra: Técnicas para la orientación psicopedagógica, 1990:
- Información localizada: portada (Alfredo Gosálbez Celdrán)
902 ## - CATALOGADOR
- Catalogador: NDAF/220504
